Statistics for Every Ink Master Contestant

Click here to take the quiz!

General Stats

  • This quiz has been taken 6 times
  • The average score is 62 of 204

Answer Stats

HintAnswer% Correct
Season 7Anthony Michaels
80%
Season 4Bubba Irwin
80%
Season 2Clint Cummings
80%
Season 3Jason Clay Dunn
80%
Season 3Jime Litwalk
80%
Season 3Kyle Dunbar
80%
Season 4Sausage
80%
Season 2Tatu Baby
80%
Season 11Angel Rose
60%
Season 13Bob Jones
60%
Season 5Cleen Rock One
60%
Season 8Gia Rose
60%
Season 1James Vaughn
60%
Season 13Jerrel Larkins
60%
Season 11Jimmy Snaz
60%
Season 3Joey Hamilton
60%
Season 13Jordan Allred
60%
Season 3Joshua Hibbard
60%
Season 8Kelly Doty
60%
Season 7Megan Jean Morris
60%
Season 2Sarah Miller
60%
Season 4Scott Marshall
60%
Season 2Steve Tefft
60%
Season 5Aaron Is
40%
Season 7Alex Rockoff
40%
Season 3Ally Lee
40%
Season 5Angel Bauta
40%
Season 4Ashley Bennett
40%
Season 1Bill Vegas
40%
Season 12Cam Pohl
40%
Season 6Chris Blinston
40%
Season 7Christian Buckingham
40%
Season 3Craig Foster
40%
Season 12Creepy Jason
40%
Season 5Cris Element
40%
Season 4Damon Butler
40%
Season 6Dave Clarke
40%
Season 6Dave Kruseman
40%
Season 4David Bell
40%
Season 5Don Peddicord
40%
Season 6Duffy Fortner
40%
Season 5Emily Elegado
40%
Season 6Erik Campbell
40%
Season 5Erik Siuda
40%
Season 3E.S.
40%
Season 4Gentle Jay
40%
Season 4Halo
40%
Season 3Jackie Jennings
40%
Season 3James Danger
40%
Season 2Jamie Davies
40%
Season 2Jesse Smith
40%
Season 10Josh Payne
40%
Season 5Julia Carlson
40%
Season 2Kay Kutta
40%
Season 2Lalo
40%
Season 5LT
40%
Season 4Lydia Bruno
40%
Season 3Maddie la Belle
40%
Season 3Made Rich
40%
Season 6Marisa LaRen
40%
Season 5Mark Longnecker
40%
Season 2Mark Matthews
40%
Season 4Matti Hixson
40%
Season 6Matt O'Baugh
40%
Season 4Melissa Monroe
40%
Season 6MV
40%
Season 3Mystical Mike
40%
Season 2Nick D'Angelo
40%
Season 4Randy Vollink
40%
Season 5Robbie Ripoll
40%
Season 4Roland Pacheco
40%
Season 5Ryan Eternal
40%
Season 2Sebastian Murphy
40%
Season 1Shane O'Neill
40%
Season 5Tim Lees
40%
Season 1Tommy Helm
40%
Season 11Tony Medellin
40%
Season 6Tyler Nolan
40%
Season 11Adam Turk
20%
Season 12Alexis Kovacs
20%
Season 1Al Fliction
20%
Season 9Allegory Arts
20%
Season 11Amanda Boone
20%
Season 10Amanda Leitch
20%
Season 13Andrew Hicks
20%
Season 13Arlene Salinas
20%
Season 9Artistic Skin Design
20%
Season 7Ashley Velazquez
20%
Season 12Ash Mann
20%
Season 11Austin Rose
20%
Season 9Basillica Tattoo
20%
Season 6Big Ceeze
20%
Season 12Big Jaz
20%
Season 9Black Anchor Collective
20%
Season 9Black Cobra Tattoo
20%
Season 9Black Spade Tattoo
20%
Season 8Boneface
20%
Season 9Boneface Ink Tattoo Shop
20%
Season 6Brian Stephens
20%
Season 1B-TAT Robinson
20%
Season 5Caroline Evans
20%
Season 8Carolyn Elaine
20%
Season 2Cee Jay Jones
20%
Season 3Chris May
20%
Season 11Chris Shockley
20%
Season 10Chris Sparks
20%
Season 9Classic Trilogy Tattoo
20%
Season 7Corey Davis
20%
Season 7Cris Gherman
20%
Season 10Daniel Silva
20%
Season 12Dani Ryan
20%
Season 8Dave Robinowitz
20%
Season 10Deanna Smith
20%
Season 6Earl Noble
20%
Season 12Elva Stefanie
20%
Season 13Emac
20%
Season 9Empire State Studio
20%
Season 8Eric Gonzalez
20%
Season 10Fame
20%
Season 12Fon
20%
Season 3Frank McManus
20%
Season 10Frank Ready
20%
Season 10Garrett Bisbee
20%
Season 10Gary Parisi
20%
Season 8Geary Morrill
20%
Season 8Gian Karle Cruz
20%
Season 9Golden Skull Tattoo
20%
Season 11Gonzo
20%
Season 1Heather Sinn
20%
Season 13Hiram Casas
20%
Season 12Holli Marie
20%
Season 9House of Monkey Tattoo
20%
Season 13Jake Parsons
20%
Season 12Jake Ross
20%
Season 11Jamie Lee Parker
20%
Season 12Janelle Hanson
20%
Season 10Jason Elliott
20%
Season 5Jayvo Scott
20%
Season 10Jeremy Brown
20%
Season 1Jeremy Miller
20%
Season 13Jessa Bigelow
20%
Season 11Jess Cavazos
20%
Season 4Jim Francis
20%
Season 8John Collins
20%
Season 13Jordi Pla
20%
Season 1Josh Woods
20%
Season 11JP Roldan
20%
Season 12Justin Nordine
20%
Season 6Katie McGowan
20%
Season 10Katie Rhoden
20%
Season 4Keith Diffenderfer
20%
Season 13Kelly Severtson
20%
Season 8Kevin Laroy
20%
Season 4King Ruck
20%
Season 6Kito Talbert
20%
Season 13K Lenore
20%
Season 11Kyle Mackenzie
20%
Season 12Laura Marie
20%
Season 1Lea Vendetta
20%
Season 10Lil D
20%
Season 10Linzy Michelle
20%
Season 10Matt Buck
20%
Season 8Matt Murray
20%
Season 6Miami Burgess
20%
Season 10Mike Diaz
20%
Season 8Mike McAskill
20%
Season 2Mike Tacij
20%
Season 13Money Mike
20%
Season 8Nate Beavers
20%
Season 8Nikki Simpson
20%
Season 13Nychelle Elise
20%
Season 11Oba Jackson
20%
Season 9Old Town Ink
20%
Season 13Patrick Flynn
20%
Season 7Picasso Dular
20%
Season 9Pinz & Needlez
20%
Season 12Pon DeMan
20%
Season 12Pony Wave
20%
Season 13Raul Ugarte
20%
Season 10Roly T-Rex
20%
Season 2Ron Givens
20%
Season 8Ryan Ashley Malarkey
20%
Season 6Ryan Hadley
20%
Season 8Sirvone Smith
20%
Season 8Sketchy Lawyer
20%
Season 11Stacy Smith
20%
Season 6St. Marq
20%
Season 11Teej Poole
20%
Season 9The Marked Society Tattoo
20%
Season 9Thicker Than Blood
20%
Season 9Think Before You Ink
20%
Season 11Tiara Gordon
20%
Season 11Tiffer Wright
20%
Season 12Tim Lease
20%
Season 11Tim Stafford
20%
Season 12Tito Zambrano
20%
Season 2TJ Hal
20%
Season 2Tray Benham
20%
Season 9Tri-Cities Tattoo
20%
Season 8Tuff Tito
20%
Season 5Ty'Esha Reels
20%
Season 9Unkindness Art
20%
Season 12Ashley Anonelson
0%
Season 10Juan Selgado
0%

Score Distribution

Percentile by Number Answered

Percent of People with Each Score

Your Score History

You have not taken this quiz